002590000a220007300045001000021000002450080000213000037001017730047001381 aWebster, Jane S.10aSophia : Engendering wisdom in Proverbs, Ben Sira and the Wisdom of Solomon aNúm 78 (1998), Páginas 63-790 tJournal for the Study of the Old Testament